[Event "Vienna Chess Open 2016 Group A"]
[Site "Grosser Festsaal im Wiener Rathaus, 1010 Wien"]
[Date "2016.08.16"]
[Round "1"]
[Board "1"]
[White "Ragger, Markus"]
[Black "Stancu, Robert-Alexandru"]
[Result "1-0"]
[WhiteElo "2686"]
[BlackElo "2074"]
[PlyCount "37"]
[EventDate "2016.08.16"]
[EventRounds "9"]
[EventCountry "AUT"]

1.Nf3 d5 2.d4 Nf6 3.c4 e6 4.g3 Bb4+ 5.Nbd2 O-O 6.Bg2 c5 7.cxd5 Qxd5 8.O-O Bxd2 9.Qxd2
Nc6 10.Rd1 Qh5 11.Qg5 Rd8 12.Qxh5 Nxh5 13.Be3 cxd4 14.Nxd4 Nxd4 15.Bxd4 e5 16.Bxe5
Bg4 17.Bxb7 Rxd1+ 18.Rxd1 Re8 19.f3 1-0

[Event "Vienna Chess Open 2016 Group A"]
[Site "Grosser Festsaal im Wiener Rathaus, 1010 Wien"]
[Date "2016.08.16"]
[Round "1"]
[Board "2"]
[White "Scheffknecht, Philipp"]
[Black "Buhmann, Rainer"]
[Result "0-1"]
[WhiteElo "2073"]
[BlackElo "2641"]
[PlyCount "82"]
[EventDate "2016.08.16"]
[EventRounds "9"]
[EventCountry "AUT"]

1.d4 d5 2.c4 e6 3.Nc3 c6 4.Nf3 dxc4 5.a4 Bb4 6.Bd2 a5 7.e3 b5 8.axb5 Bxc3 9.Bxc3 cxb5
10.b3 Bb7 11.bxc4 b4 12.Bd2 Nf6 13.c5 O-O 14.Bb5 Bc6 15.Qe2 Qc7 16.O-O Bxb5 17.Qxb5
Nc6 18.Ra4 Rfd8 19.Rfa1 h6 20.Be1 Ne4 21.Rc1 Qd7 22.Rca1 Qd5 23.Qe2 Rac8 24.Kf1 e5
25.Qa2 Qxa2 26.R1xa2 f6 27.Ke2 Kf7 28.Rc2 exd4 29.exd4 Ng5 30.Nxg5+ hxg5 31.Rc4 Nxd4+
32.Kf1 Nc6 33.f3 Rd1 34.Ke2 Rb1 35.Bg3 Rb2+ 36.Kf1 Re8 37.Ra1 Ree2 38.Rd1 Rbd2 39.Ra1
Rc2 40.Rxc2 Rxc2 41.Bd6 b3 0-1

[Event "Vienna Chess Open 2016 Group A"]
[Site "Grosser Festsaal im Wiener Rathaus, 1010 Wien"]
[Date "2016.08.16"]
[Round "1"]
[Board "3"]
[White "Mastrovasilis, Dimitrios"]
[Black "Filipovic, Ivica"]
[Result "1-0"]
[WhiteElo "2603"]
[BlackElo "2072"]
[PlyCount "65"]
[EventDate "2016.08.16"]
[EventRounds "9"]
[EventCountry "AUT"]

1.e4 e5 2.Nf3 Nc6 3.Bb5 a6 4.Ba4 Nf6 5.Qe2 d6 6.c3 Bd7 7.O-O g6 8.d4 b5 9.Bc2 Bg7
10.a4 O-O 11.Rd1 Qe7 12.d5 Na5 13.Bg5 Nb7 14.axb5 axb5 15.Na3 Qe8 16.Bxf6 Bxf6 17.b4
Ra6 18.Bd3 Rb6 19.Nc2 c6 20.dxc6 Bxc6 21.Ne3 Qb8 22.Bc2 Be7 23.Bb3 Rc8 24.Qa2 Nd8
25.Bd5 Be8 26.Rdc1 Nc6 27.h4 h6 28.Ng4 Kg7 29.Qd2 g5 30.hxg5 h5 31.Nh6 Bd8 32.Nf5+
Kh7 33.g6+ 1-0

[Event "Vienna Chess Open 2016 Group A"]
[Site "Grosser Festsaal im Wiener Rathaus, 1010 Wien"]
[Date "2016.08.16"]
[Round "1"]
[Board "4"]
[White "Berbati, Kadri"]
[Black "Vorobiov, Evgeny"]
[Result "0-1"]
[WhiteElo "2070"]
[BlackElo "2586"]
[PlyCount "100"]
[EventDate "2016.08.16"]
[EventRounds "9"]
[EventCountry "AUT"]

1.e4 c5 2.Nc3 e6 3.Bc4 Nc6 4.Nf3 Nf6 5.e5 Ng4 6.Qe2 Qc7 7.Nb5 Qb8 8.d4 a6 9.Nd6+ Bxd6
10.exd6 Qxd6 11.h3 Nf6 12.dxc5 Qxc5 13.Be3 Qa5+ 14.c3 d5 15.Bb3 O-O 16.O-O Bd7 17.Bc2
Ne7 18.Bg5 Bb5 19.Bd3 Bxd3 20.Qxd3 Ng6 21.Bxf6 gxf6 22.Nh2 f5 23.Rfe1 Qc7 24.g3 Rac8
25.Nf3 h6 26.h4 Kh7 27.Re2 Rg8 28.Kf1 Qc4 29.Qxc4 Rxc4 30.h5 Nf8 31.Ne5 Rc7 32.Rd1
Kg7 33.Nd3 Nh7 34.Nf4 Rc6 35.Kg2 b5 36.f3 Nf6 37.Kh3 Rgc8 38.Kg2 a5 39.Kf2 Rc4 40.Rd4
Rxd4 41.cxd4 Rc1 42.a3 Nd7 43.Nd3 Rd1 44.Ke3 Nb6 45.Ne5 Nc4+ 46.Nxc4 dxc4 47.Rd2 Rxd2
48.Kxd2 b4 49.Ke3 c3 50.Kd3 cxb2 0-1

[Event "Vienna Chess Open 2016 Group A"]
[Site "Grosser Festsaal im Wiener Rathaus, 1010 Wien"]
[Date "2016.08.16"]
[Round "1"]
[Board "5"]
[White "Shengelia, David"]
[Black "Hofegger, Jakob"]
[Result "1-0"]
[WhiteElo "2572"]
[BlackElo "2069"]
[PlyCount "45"]
[EventDate "2016.08.16"]
[EventRounds "9"]
[EventCountry "AUT"]

1.d4 Nf6 2.c4 g6 3.Nf3 Bg7 4.g3 O-O 5.Bg2 d6 6.O-O c5 7.d5 Na6 8.Nc3 Rb8 9.e4 Nd7
10.Re1 Ne5 11.Nxe5 Bxe5 12.Bh6 Re8 13.f4 Bd4+ 14.Kh1 e6 15.e5 dxe5 16.fxe5 exd5 17.Nxd5
Rxe5 18.Rxe5 Bxe5 19.Qe2 Bd4 20.Rd1 f6 21.Nxf6+ Kh8 22.Rxd4 cxd4 23.Qe5 1-0

[Event "Vienna Chess Open 2016 Group A"]
[Site "Grosser Festsaal im Wiener Rathaus, 1010 Wien"]
[Date "2016.08.16"]
[Round "1"]
[Board "6"]
[White "Usleber, Helmut"]
[Black "Burmakin, Vladimir"]
[Result "0-1"]
[WhiteElo "2069"]
[BlackElo "2553"]
[PlyCount "48"]
[EventDate "2016.08.16"]
[EventRounds "9"]
[EventCountry "AUT"]

1.e4 c6 2.d4 d5 3.Nd2 g6 4.e5 h5 5.c3 Bf5 6.Nb3 e6 7.Bd3 Bxd3 8.Qxd3 Qb6 9.Nf3 a5
10.O-O a4 11.Nbd2 Qa6 12.Qc2 Nh6 13.Ng5 Nf5 14.Ndf3 Be7 15.Bd2 c5 16.Rae1 Nc6 17.dxc5
Bxc5 18.b3 O-O 19.h3 Kg7 20.Kh2 Rh8 21.g3 Be7 22.Be3 axb3 23.axb3 Nxe3 24.Rxe3 Qxf1 0-1

[Event "Vienna Chess Open 2016 Group A"]
[Site "Grosser Festsaal im Wiener Rathaus, 1010 Wien"]
[Date "2016.08.16"]
[Round "1"]
[Board "7"]
[White "Ponizil , Cyril "]
[Black "Reyes Acevedo, Ismael"]
[Result "1-0"]
[WhiteElo "2510"]
[BlackElo "2066"]
[PlyCount "71"]
[EventDate "2016.08.16"]
[EventRounds "9"]
[EventCountry "AUT"]

1.e4 d6 2.d4 Nf6 3.Nc3 g6 4.f4 Bg7 5.Nf3 O-O 6.Be3 Bg4 7.h3 Bxf3 8.Qxf3 c6 9.Bd3 Qa5
10.O-O Nbd7 11.a3 a6 12.e5 Ne8 13.Ne4 d5 14.Nd2 e6 15.c4 b5 16.c5 Qd8 17.g4 f6 18.Qg3
f5 19.Nf3 a5 20.h4 fxg4 21.Qxg4 Qe7 22.Ng5 Rf5 23.h5 gxh5 24.Qxh5 Nf8 25.Bxf5 exf5
26.Rf2 h6 27.Nf3 Qf7 28.Qxf7+ Kxf7 29.Nh4 Ke6 30.Rg2 a4 31.Kf2 Ra7 32.Rag1 Rf7 33.Ng6
Nd7 34.Ke2 Nc7 35.Nh4 Ne8 36.Rg6+ 1-0

[Event "Vienna Chess Open 2016 Group A"]
[Site "Grosser Festsaal im Wiener Rathaus, 1010 Wien"]
[Date "2016.08.16"]
[Round "1"]
[Board "8"]
[White "Legenstein, Robert"]
[Black "Manolache, Marius"]
[Result "0-1"]
[WhiteElo "2065"]
[BlackElo "2492"]
[PlyCount "72"]
[EventDate "2016.08.16"]
[EventRounds "9"]
[EventCountry "AUT"]

1.e4 g6 2.d4 Bg7 3.Nc3 d6 4.f4 Nf6 5.Nf3 O-O 6.Bd3 Na6 7.O-O c5 8.d5 Rb8 9.a4 Nb4
10.Bc4 a6 11.a5 Bd7 12.e5 dxe5 13.fxe5 Ng4 14.e6 fxe6 15.h3 Nf6 16.Bf4 Rc8 17.d6 Nfd5
18.dxe7 Qxe7 19.Nxd5 Nxd5 20.Bxd5 Rxf4 21.Qe1 Re8 22.Qg3 Qf7 23.Bxb7 Bb5 24.Rfe1 Bxb2
25.Rad1 Bc3 26.Re4 Rf5 27.Nh4 Qxb7 28.Nxf5 Qxe4 29.Nd6 Qe2 30.Nxe8 Qxd1+ 31.Kh2 Bd4
32.Qb8 Qg1+ 33.Kg3 Qe3+ 34.Kh4 Qe4+ 35.g4 Qe1+ 36.Kg5 Qd2+ 0-1

[Event "Vienna Chess Open 2016 Group A"]
[Site "Grosser Festsaal im Wiener Rathaus, 1010 Wien"]
[Date "2016.08.16"]
[Round "1"]
[Board "9"]
[White "Leenhouts, Koen"]
[Black "Spiesberger, Gerhard"]
[Result "1/2-1/2"]
[WhiteElo "2491"]
[BlackElo "2063"]
[PlyCount "120"]
[EventDate "2016.08.16"]
[EventRounds "9"]
[EventCountry "AUT"]

1.d4 d6 2.Nf3 Nc6 3.g3 e5 4.Bg2 Be7 5.O-O Nf6 6.d5 Nb8 7.c4 O-O 8.Nc3 Bg4 9.h3 Bxf3
10.exf3 Nbd7 11.f4 exf4 12.Bxf4 Ne5 13.c5 Ng6 14.cxd6 Bxd6 15.Be3 a6 16.Qb3 b6 17.Ne2
Qd7 18.Nd4 Rfe8 19.Rfe1 Ne7 20.Bg5 Nf5 21.Bxf6 gxf6 22.Nc6 Ng7 23.Qc3 Qf5 24.Nd4 Qg6
25.Nf3 Rxe1+ 26.Rxe1 Re8 27.Rxe8+ Nxe8 28.Bf1 Bc5 29.Kg2 Qe4 30.Bxa6 Qxd5 31.Bc4 Qe4
32.Bd3 Qd5 33.Qc2 Qxa2 34.Bxh7+ Kf8 35.h4 Nd6 36.h5 Nc4 37.b3 Qxc2 38.Bxc2 Ne5 39.Nd2
Kg7 40.f3 Nc6 41.g4 Nd4 42.Bd1 Bd6 43.Nc4 Bf4 44.Nb2 f5 45.Nd3 Bd2 46.Ne5 Kf6 47.Nc4
Bf4 48.Kf2 fxg4 49.fxg4 Kg5 50.Ne3 f5 51.Nd5 Be5 52.gxf5 Nxf5 53.Kf3 Ng7 54.Ke4 Bd6
55.Be2 Nxh5 56.Bxh5 Kxh5 57.Kf5 b5 58.Nc3 c6 59.Ke6 Bb4 60.Na2 Ba3 1/2-1/2

[Event "Vienna Chess Open 2016 Group A"]
[Site "Grosser Festsaal im Wiener Rathaus, 1010 Wien"]
[Date "2016.08.16"]
[Round "1"]
[Board "10"]
[White "Schrodt, Sebastian"]
[Black "Hertneck, Gerald"]
[Result "0-1"]
[WhiteElo "2060"]
[BlackElo "2469"]
[PlyCount "76"]
[EventDate "2016.08.16"]
[EventRounds "9"]
[EventCountry "AUT"]

1.Nf3 d5 2.c4 d4 3.e3 Nc6 4.exd4 Nxd4 5.Nxd4 Qxd4 6.Nc3 c6 7.d3 Nh6 8.Be3 Qf6 9.d4
Ng4 10.Qd2 Nxe3 11.fxe3 g6 12.Qf2 Qxf2+ 13.Kxf2 Bg7 14.Be2 f5 15.Rad1 e5 16.d5 e4
17.dxc6 bxc6 18.c5 Rb8 19.Rd2 Ke7 20.Bc4 Rb4 21.Be2 Rd8 22.Rhd1 Rxd2 23.Rxd2 Bxc3
24.bxc3 Ra4 25.Bd1 Rc4 26.Bb3 Rxc3 27.Rc2 Rd3 28.Ba4 Bd7 29.Ke2 Ra3 30.Bb3 Be6 31.Rb2
a5 32.Kd2 a4 33.Bd1 Kf6 34.h4 Ke5 35.g3 Rd3+ 36.Ke2 Bc4 37.Rb4 Kd5 38.Rxa4 Bb5 0-1

[Event "Vienna Chess Open 2016 Group A"]
[Site "Grosser Festsaal im Wiener Rathaus, 1010 Wien"]
[Date "2016.08.16"]
[Round "1"]
[Board "11"]
[White "Arkell, Keith"]
[Black "Hofbauer, Peter"]
[Result "1-0"]
[WhiteElo "2464"]
[BlackElo "2058"]
[PlyCount "49"]
[EventDate "2016.08.16"]
[EventRounds "9"]
[EventCountry "AUT"]

1.d4 d5 2.Nf3 Nf6 3.c4 e6 4.cxd5 exd5 5.Nc3 Be7 6.Bg5 O-O 7.e3 c6 8.Bd3 h6 9.Bxf6
Bxf6 10.b4 Bg4 11.O-O Nd7 12.h3 Bxf3 13.Qxf3 Nb6 14.Rfc1 g6 15.b5 cxb5 16.Bxb5 Bg7
17.a4 a5 18.Bd3 Rc8 19.Rab1 Rc6 20.Bb5 Rd6 21.Qd1 Qh4 22.Ne2 Nc8 23.Rc7 Rf6 24.g3
Qxh3 25.Bd7 1-0

[Event "Vienna Chess Open 2016 Group A"]
[Site "Grosser Festsaal im Wiener Rathaus, 1010 Wien"]
[Date "2016.08.16"]
[Round "1"]
[Board "12"]
[White "Levitt, Olivier"]
[Black "Berescu, Alin-Mile"]
[Result "0-1"]
[WhiteElo "2058"]
[BlackElo "2458"]
[PlyCount "38"]
[EventDate "2016.08.16"]
[EventRounds "9"]
[EventCountry "AUT"]

1.e4 c5 2.Nf3 d6 3.Bb5+ Nd7 4.c3 a6 5.Ba4 Ngf6 6.Bc2 c4 7.b3 b5 8.Qe2 Qc7 9.bxc4 bxc4
10.Na3 Nb6 11.e5 dxe5 12.Qxe5 Qc6 13.d4 cxd3 14.Bxd3 e6 15.O-O Bd6 16.Qd4 Bb7 17.Rb1
Bc5 18.Qe5 Rd8 19.Qe2 Nbd5 0-1

[Event "Vienna Chess Open 2016 Group A"]
[Site "Grosser Festsaal im Wiener Rathaus, 1010 Wien"]
[Date "2016.08.16"]
[Round "1"]
[Board "13"]
[White "Stanec, Nikolaus"]
[Black "Wille, Thomas"]
[Result "1/2-1/2"]
[WhiteElo "2457"]
[BlackElo "2056"]
[PlyCount "93"]
[EventDate "2016.08.16"]
[EventRounds "9"]
[EventCountry "AUT"]

1.d4 Nf6 2.Nf3 e6 3.e3 d5 4.Bd3 Bd6 5.Nbd2 O-O 6.O-O Nbd7 7.c4 c6 8.e4 dxe4 9.Nxe4
Nxe4 10.Bxe4 Nf6 11.Bc2 Re8 12.Bg5 Be7 13.Qd3 g6 14.Rad1 Nh5 15.Bc1 c5 16.Qe2 Qc7
17.dxc5 Bxc5 18.Ba4 Rf8 19.Bh6 Ng7 20.Ne5 Be7 21.h3 Qa5 22.b3 Bf6 23.Ng4 Be7 24.Qf3
f5 25.Bd2 Qc7 26.Ne3 a5 27.Bc3 Nh5 28.Nc2 Qf4 29.Qxf4 Nxf4 30.Rfe1 Kf7 31.Be5 g5 32.Nd4
Bb4 33.Rf1 Ng6 34.Bc7 Kf6 35.Nb5 e5 36.Bb6 Be6 37.Nc7 Rab8 38.c5 Bf7 39.Rd6+ Kg7 40.Rd7
Kg8 41.Rfd1 Rbc8 42.Bb5 e4 43.Bc4 Bxc4 44.bxc4 Ne5 45.Re7 Nd3 46.Nd5 Rf7 47.g4 1/2-1/2

[Event "Vienna Chess Open 2016 Group A"]
[Site "Grosser Festsaal im Wiener Rathaus, 1010 Wien"]
[Date "2016.08.16"]
[Round "1"]
[Board "14"]
[White "Sitnic, Adnan"]
[Black "Rathnakaran, Kantholi"]
[Result "0-1"]
[WhiteElo "2051"]
[BlackElo "2452"]
[PlyCount "92"]
[EventDate "2016.08.16"]
[EventRounds "9"]
[EventCountry "AUT"]

1.e4 c5 2.f4 d5 3.exd5 Qxd5 4.Nc3 Qf5 5.Qf3 Nc6 6.Bd3 Qd7 7.Bb5 e6 8.Bxc6 bxc6 9.d3
Ba6 10.b3 Nf6 11.Nge2 Nd5 12.a3 Be7 13.Bb2 f5 14.O-O O-O 15.Rae1 Rab8 16.Kh1 Bd6 17.Qf2
Qe7 18.g3 Nf6 19.h3 c4 20.Nd4 cxd3 21.Nxf5 Qd7 22.Nxd6 Qxd6 23.Qxa7 c5 24.Ne4 Qc6
25.Qxc5 Qb7 26.Bxf6 gxf6 27.Kh2 Rbc8 28.Qe3 Rxc2+ 29.Rf2 Qxb3 30.Rxc2 Qxc2+ 31.Nd2
Bc4 32.g4 Rb8 33.Kg3 Bd5 34.f5 e5 35.Rf1 Rb2 36.Rf2 Qd1 37.Kh4 Qg1 38.g5 Qxg5+ 39.Qxg5+
fxg5+ 40.Kxg5 Kf7 41.f6 Be6 42.h4 Ra2 43.Kh6 Bg4 44.Kxh7 Rxd2 45.Rxd2 e4 46.Kh6 Kxf6 0-1

[Event "Vienna Chess Open 2016 Group A"]
[Site "Grosser Festsaal im Wiener Rathaus, 1010 Wien"]
[Date "2016.08.16"]
[Round "1"]
[Board "15"]
[White "Froewis, Georg"]
[Black "Helmschrott, Otto"]
[Result "1-0"]
[WhiteElo "2449"]
[BlackElo "2048"]
[PlyCount "87"]
[EventDate "2016.08.16"]
[EventRounds "9"]
[EventCountry "AUT"]

1.Nf3 d5 2.c4 c6 3.g3 Bg4 4.Bg2 e6 5.cxd5 Bxf3 6.Bxf3 cxd5 7.O-O Nf6 8.d3 Nbd7 9.e4
Ne5 10.Bf4 Nxf3+ 11.Qxf3 Be7 12.Nc3 O-O 13.Rac1 Rc8 14.Rfe1 d4 15.Ne2 Qb6 16.Be5 Rxc1
17.Rxc1 Qxb2 18.Bxd4 Qb5 19.Kg2 Qd7 20.Bxa7 Rc8 21.Rxc8+ Qxc8 22.Bd4 h6 23.Nf4 Qd7
24.Ba1 Ne8 25.d4 Qc6 26.d5 exd5 27.Nxd5 Bf8 28.Qc3 Qa4 29.Qe5 Bd6 30.Qf5 Qc4 31.Nc3
Qc7 32.Nb5 Qc4 33.Bd4 Bf8 34.Qd7 Nf6 35.Qxb7 Qxa2 36.Bxf6 gxf6 37.Qd5 Qa6 38.Qf5 Qe6
39.Nd4 Qe5 40.Qg4+ Qg5 41.Qf3 Bc5 42.Nf5 Qd2 43.Qg4+ Qg5 44.Nxh6+ 1-0

[Event "Vienna Chess Open 2016 Group A"]
[Site "Grosser Festsaal im Wiener Rathaus, 1010 Wien"]
[Date "2016.08.16"]
[Round "1"]
[Board "16"]
[White "Pacher, Simon"]
[Black "Schreiner, Peter"]
[Result "0-1"]
[WhiteElo "2048"]
[BlackElo "2445"]
[PlyCount "84"]
[EventDate "2016.08.16"]
[EventRounds "9"]
[EventCountry "AUT"]

1.b3 Nf6 2.Bb2 g6 3.e4 d6 4.f4 Bg7 5.Nf3 O-O 6.Qe2 c5 7.g3 e5 8.fxe5 Ng4 9.d4 cxd4
10.h3 Ne3 11.Bxd4 Nxf1 12.Kxf1 Nc6 13.Bb2 dxe5 14.Kg2 Nd4 15.Nxd4 exd4 16.Qd3 b6 17.Nd2
Bb7 18.Kh2 Rc8 19.Rhf1 Ba6 20.Qxa6 Rxc2 21.Bc1 d3 22.Rb1 Bh6 23.Rb2 Bxd2 24.Rxc2 dxc2
25.Qe2 Bxc1 26.Rxc1 h5 27.Rxc2 h4 28.gxh4 Qxh4 29.Qg4 Qf6 30.Qg3 Re8 31.Re2 Re5 32.Qe3
Qd6 33.Qf4 Qe7 34.Qg4 Qf6 35.Qg3 Kg7 36.h4 Rh5 37.Kh3 g5 38.Rg2 Kh7 39.Rf2 Qe6+ 40.Kh2
Rxh4+ 41.Kg1 Rg4 42.Rxf7+ Kg6 0-1

[Event "Vienna Chess Open 2016 Group A"]
[Site "Grosser Festsaal im Wiener Rathaus, 1010 Wien"]
[Date "2016.08.16"]
[Round "1"]
[Board "17"]
[White "Williams, Simon"]
[Black "Farthofer, Josef"]
[Result "1-0"]
[WhiteElo "2443"]
[BlackElo "2047"]
[PlyCount "69"]
[EventDate "2016.08.16"]
[EventRounds "9"]
[EventCountry "AUT"]

1.d4 Nf6 2.c4 e6 3.Nf3 Bb4+ 4.Nbd2 c5 5.a3 Bxd2+ 6.Bxd2 cxd4 7.Nxd4 d5 8.cxd5 Qxd5
9.Nf3 O-O 10.Bc3 Rd8 11.Qxd5 Nxd5 12.Bd2 Nc6 13.e3 b6 14.Bb5 Bb7 15.O-O Rac8 16.Rfd1
Nf6 17.Be1 a6 18.Be2 h6 19.Rac1 Rxd1 20.Rxd1 Nd5 21.Bd3 Nb8 22.Ne5 Nf6 23.Nc4 Rc6
24.Bb1 Nbd7 25.Ne5 Rc7 26.Bb4 Bd5 27.Bd6 Bb3 28.Re1 Rc8 29.Nf3 Bd5 30.e4 Bc4 31.Rc1
Rc6 32.e5 Ne8 33.Nd4 Rc8 34.b3 Nxd6 35.exd6 1-0

[Event "Vienna Chess Open 2016 Group A"]
[Site "Grosser Festsaal im Wiener Rathaus, 1010 Wien"]
[Date "2016.08.16"]
[Round "1"]
[Board "18"]
[White "Kleibaumhueter, Klaus"]
[Black "Zawadzka, Jolanta"]
[Result "0-1"]
[WhiteElo "2047"]
[BlackElo "2439"]
[PlyCount "118"]
[EventDate "2016.08.16"]
[EventRounds "9"]
[EventCountry "AUT"]

1.Nf3 d5 2.d4 Nf6 3.c4 e6 4.g3 Bb4+ 5.Bd2 a5 6.Bg2 O-O 7.O-O Nc6 8.Bf4 dxc4 9.a3 Bd6
10.Ne5 Bxe5 11.dxe5 Nd5 12.Nc3 Nce7 13.Rc1 b6 14.Bg5 c6 15.Ne4 Ba6 16.Nd6 h6 17.Bxe7
Qxe7 18.Nxc4 Bxc4 19.Rxc4 Rac8 20.Qc1 c5 21.Rd1 Rfd8 22.Rd3 b5 23.Rg4 Kf8 24.Qc2 Qc7
25.Bxd5 exd5 26.e6 Kg8 27.exf7+ Qxf7 28.Rf3 Qe6 29.Rg6 Qe4 30.Qxe4 dxe4 31.Re3 Rd4
32.Re6 c4 33.Rb6 Rc5 34.Rb7 Kh7 35.Kg2 Kg6 36.Rb6+ Kf5 37.h3 h5 38.f3 Ke5 39.Rg6 b4
40.Rg5+ Kd6 41.Rg6+ Kc7 42.Rxg7+ Kb6 43.axb4 axb4 44.Rg6+ Kb5 45.Rg8 c3 46.Rb8+ Ka4
47.bxc3 bxc3 48.Rb1 c2 49.Rc1 exf3+ 50.Kxf3 Rd1 51.Rxc2 Rxc2 52.Re5 Rf1+ 53.Kg2 Rf8
54.h4 Kb4 55.Rxh5 Rxe2+ 56.Kh3 Kc4 57.Rg5 Kd4 58.h5 Re6 59.g4 Ke5 0-1

[Event "Vienna Chess Open 2016 Group A"]
[Site "Grosser Festsaal im Wiener Rathaus, 1010 Wien"]
[Date "2016.08.16"]
[Round "1"]
[Board "19"]
[White "Vetoshko, Volodymyr"]
[Black "Krasser, Margit"]
[Result "1-0"]
[WhiteElo "2438"]
[BlackElo "2046"]
[PlyCount "45"]
[EventDate "2016.08.16"]
[EventRounds "9"]
[EventCountry "AUT"]

1.e4 c6 2.d4 d5 3.e5 h5 4.c4 g6 5.Nc3 Bh6 6.f4 e6 7.Nf3 Ne7 8.Bd3 O-O 9.O-O Nd7 10.cxd5
Nxd5 11.Nxd5 cxd5 12.f5 Bxc1 13.Qxc1 exf5 14.Qh6 Re8 15.Bb5 Nf8 16.Bxe8 Qxe8 17.Rac1
Be6 18.Rc7 Rc8 19.Rxb7 Qa4 20.Rc1 Rxc1+ 21.Qxc1 Qxa2 22.Rb8 Qa4 23.Qc5 1-0

[Event "Vienna Chess Open 2016 Group A"]
[Site "Grosser Festsaal im Wiener Rathaus, 1010 Wien"]
[Date "2016.08.16"]
[Round "1"]
[Board "20"]
[White "Stock, Andreas"]
[Black "Gajek, Radoslaw"]
[Result "1/2-1/2"]
[WhiteElo "2046"]
[BlackElo "2434"]
[PlyCount "80"]
[EventDate "2016.08.16"]
[EventRounds "9"]
[EventCountry "AUT"]

1.c4 e5 2.Nc3 Nf6 3.Nf3 Nc6 4.e4 Bc5 5.Nxe5 Nxe5 6.d4 Bb4 7.dxe5 Nxe4 8.Qd4 Nxc3 9.bxc3
Be7 10.Qg4 g6 11.Bh6 d6 12.Qg3 Bf5 13.Be2 Qd7 14.O-O O-O-O 15.Bf3 dxe5 16.Qxe5 Qd6
17.Qa5 Qb6 18.Qa4 Bc5 19.Bg7 Rhg8 20.Bd4 Bxd4 21.cxd4 Rxd4 22.Rac1 Qc5 23.Rfe1 Rgd8
24.Re8 Rd2 25.Rxd8+ Kxd8 26.Kh1 c6 27.Qb3 Kc7 28.Qc3 Rxf2 29.Qf6 Be6 30.Qf4+ Qd6 31.Qe3
Rd2 32.c5 Qd4 33.Qg5 Qd8 34.Qe5+ Kc8 35.a4 Bd5 36.Qf4 Bxf3 37.Qxf3 Qd5 38.Qh3+ f5
39.Rg1 Rd1 40.Qe3 Qe4 1/2-1/2

[Event "Vienna Chess Open 2016 Group A"]
[Site "Grosser Festsaal im Wiener Rathaus, 1010 Wien"]
[Date "2016.08.16"]
[Round "1"]
[Board "21"]
[White "Fauland, Alexander"]
[Black "Walker, Kevin"]
[Result "1-0"]
[WhiteElo "2431"]
[BlackElo "2046"]
[PlyCount "99"]
[EventDate "2016.08.16"]
[EventRounds "9"]
[EventCountry "AUT"]

1.d4 Nf6 2.c4 g6 3.Nc3 d5 4.Qb3 dxc4 5.Qxc4 Bg7 6.Bf4 c6 7.e4 b5 8.Qd3 b4 9.Na4 Ba6
10.Qe3 Bxf1 11.Kxf1 Nh5 12.Bxb8 Qxb8 13.Ne2 O-O 14.e5 Qc8 15.Rc1 f6 16.Qb3+ Kh8 17.e6
Bh6 18.Rc2 Qb7 19.Rc4 a5 20.Qf3 Rac8 21.Nc5 Qb5 22.b3 Rfd8 23.g4 Ng7 24.Qh3 Bd2 25.Qd3
Bc3 26.Nxc3 bxc3 27.Qxc3 a4 28.bxa4 Qb1+ 29.Kg2 Qxa2 30.Rc1 Qe2 31.Qf3 Qxf3+ 32.Kxf3
Rd6 33.Nb7 Rxe6 34.d5 Re5 35.Rxc6 Rg8 36.R6c5 h5 37.h3 f5 38.gxh5 Nxh5 39.a5 g5 40.d6
g4+ 41.hxg4 fxg4+ 42.Kg2 Nf4+ 43.Kg3 Ne2+ 44.Kh4 exd6 45.Nxd6 Re7 46.Rh5+ Rh7 47.Rc8
Rxh5+ 48.Kxh5 Nf4+ 49.Kh4 Ne6 50.a6 1-0

[Event "Vienna Chess Open 2016 Group A"]
[Site "Grosser Festsaal im Wiener Rathaus, 1010 Wien"]
[Date "2016.08.16"]
[Round "1"]
[Board "22"]
[White "Schweitzer, Werner"]
[Black "Sagar, Shah"]
[Result "0-1"]
[WhiteElo "2043"]
[BlackElo "2424"]
[PlyCount "46"]
[EventDate "2016.08.16"]
[EventRounds "9"]
[EventCountry "AUT"]

1.g3 c5 2.Bg2 Nc6 3.Nf3 g6 4.O-O Bg7 5.c3 e5 6.e4 Nge7 7.d3 O-O 8.Be3 d6 9.d4 exd4
10.cxd4 Bg4 11.Qd2 Bxf3 12.Bxf3 cxd4 13.Bh6 Ne5 14.Bg2 Bxh6 15.Qxh6 Qb6 16.Nd2 Rac8
17.Bh3 Rc2 18.f4 Rxd2 19.f5 d3+ 20.Kh1 Qxb2 21.f6 Rxh2+ 22.Kg1 Qg2+ 23.Bxg2 Rxh6 0-1

[Event "Vienna Chess Open 2016 Group A"]
[Site "Grosser Festsaal im Wiener Rathaus, 1010 Wien"]
[Date "2016.08.16"]
[Round "1"]
[Board "23"]
[White "Baldauf, Marco"]
[Black "Seifert, Milan"]
[Result "1-0"]
[WhiteElo "2423"]
[BlackElo "2042"]
[PlyCount "89"]
[EventDate "2016.08.16"]
[EventRounds "9"]
[EventCountry "AUT"]

1.d4 Nf6 2.c4 g6 3.Nc3 Bg7 4.e4 d6 5.f3 O-O 6.Nge2 e5 7.Bg5 exd4 8.Nxd4 Nc6 9.Nc2
h6 10.Be3 Be6 11.Qd2 Kh7 12.Be2 a6 13.O-O Re8 14.Kh1 Bd7 15.Rac1 Rb8 16.b3 Ng8 17.Rfd1
b6 18.Nd4 Nxd4 19.Bxd4 f5 20.Bxg7 Kxg7 21.Bd3 Rf8 22.Re1 fxe4 23.Bxe4 Bf5 24.Nd5 Kh7
25.Re2 c6 26.Bxf5 Rxf5 27.Nb4 Qd7 28.Nxa6 Rd8 29.Nb4 Rf7 30.Rce1 d5 31.cxd5 cxd5 32.Qd4
Qd6 33.Nd3 Re7 34.g3 Rde8 35.Rxe7+ Rxe7 36.Re5 Rxe5 37.Qxe5 Qd7 38.Qd4 Qe6 39.Nf4
Qe1+ 40.Kg2 Ne7 41.Qxb6 g5 42.Qe6 Qxe6 43.Nxe6 Kg6 44.Nd4 Kf6 45.f4 1-0

[Event "Vienna Chess Open 2016 Group A"]
[Site "Grosser Festsaal im Wiener Rathaus, 1010 Wien"]
[Date "2016.08.16"]
[Round "1"]
[Board "24"]
[White "Magizhnan, Nikhil"]
[Black "Carow, Johannes"]
[Result "0-1"]
[WhiteElo "2042"]
[BlackElo "2423"]
[PlyCount "150"]
[EventDate "2016.08.16"]
[EventRounds "9"]
[EventCountry "AUT"]

1.e4 c5 2.Nf3 e6 3.d4 cxd4 4.Nxd4 a6 5.Nc3 Qc7 6.Be3 Bb4 7.Qd2 Nf6 8.Bd3 d5 9.exd5
Nxd5 10.Nde2 Nxe3 11.Qxe3 Nc6 12.O-O-O O-O 13.g4 Be7 14.f4 b5 15.Rhf1 Bb7 16.f5 Qe5
17.Qh3 h6 18.Ng3 Nb4 19.Nh5 Nxd3+ 20.Qxd3 Rfd8 21.Qg3 Rxd1+ 22.Nxd1 Bg5+ 23.Kb1 Qe2
24.Re1 Qd2 25.Nc3 Rd8 26.h4 Be7 27.fxe6 fxe6 28.Qe5 Bf8 29.Qxe6+ Kh8 30.a3 Bc8 31.Qe4
Bxg4 32.Nf4 Bf5 33.Qxf5 Qxe1+ 34.Ka2 Qe8 35.Ncd5 Qd7 36.Qe4 Qf7 37.Ka1 Re8 38.Qd4
Re1+ 39.Ka2 Rf1 40.b3 Bd6 41.Nd3 Qe6 42.N5f4 Bxf4 43.Nxf4 Qf5 44.Nd3 Qf6 45.Qxf6 Rxf6
46.Kb2 g5 47.hxg5 hxg5 48.Kc3 g4 49.Ne1 g3 50.Kd3 Kg7 51.c4 bxc4+ 52.bxc4 Kf7 53.Ke3
Ke6 54.Ng2 Kd6 55.Ne1 Re6+ 56.Kd2 Rxe1 57.Kxe1 Kc5 58.Kf1 Kxc4 59.Kg2 Kb3 60.Kxg3
Kxa3 61.Kf3 a5 62.Ke3 Kb2 63.Kd3 a4 64.Kc4 a3 65.Kb4 a2 66.Kc5 a1=Q 67.Kd5 Qa4 68.Ke5
Kc3 69.Kf5 Qd4 70.Kg6 Qf4 71.Kh5 Qg3 72.Kh6 Kd4 73.Kh5 Ke5 74.Kh6 Kf6 75.Kh5 Qg5# 0-1

[Event "Vienna Chess Open 2016 Group A"]
[Site "Grosser Festsaal im Wiener Rathaus, 1010 Wien"]
[Date "2016.08.16"]
[Round "1"]
[Board "25"]
[White "Yankelevich, Lev"]
[Black "Bachlechner, Julian"]
[Result "1-0"]
[WhiteElo "2414"]
[BlackElo "2039"]
[PlyCount "63"]
[EventDate "2016.08.16"]
[EventRounds "9"]
[EventCountry "AUT"]

1.d4 d5 2.Nf3 Nf6 3.c4 c6 4.Nc3 dxc4 5.a4 Bf5 6.e3 e6 7.Bxc4 Bb4 8.O-O O-O 9.Qe2 Bg4
10.h3 Bh5 11.Rd1 Nbd7 12.e4 Qc7 13.e5 Nd5 14.Bd2 Nxc3 15.bxc3 Be7 16.Rdc1 c5 17.a5
b6 18.a6 Rad8 19.Bf4 Nb8 20.Bd3 Bg6 21.Bxg6 hxg6 22.Bg5 Bxg5 23.Nxg5 cxd4 24.cxd4
Qd7 25.Rd1 Nc6 26.Qg4 Rfe8 27.Qh4 Nxd4 28.Qh7+ Kf8 29.Qh8+ Ke7 30.Qxg7 Rf8 31.Nh7
Ne2+ 32.Kh2 1-0

[Event "Vienna Chess Open 2016 Group A"]
[Site "Grosser Festsaal im Wiener Rathaus, 1010 Wien"]
[Date "2016.08.16"]
[Round "1"]
[Board "26"]
[White "Bechmann, Gerhard"]
[Black "Kilgus, Georg"]
[Result "1-0"]
[WhiteElo "2038"]
[BlackElo "2413"]
[PlyCount "88"]
[EventDate "2016.08.16"]
[EventRounds "9"]
[EventCountry "AUT"]

1.d4 Nf6 2.c4 g6 3.Nc3 d5 4.Nf3 Bg7 5.e3 O-O 6.Qc2 c5 7.cxd5 cxd4 8.exd4 Nxd5 9.Qb3
Nb6 10.Be3 Be6 11.Qa3 Nc6 12.Rd1 Nd5 13.Nxd5 Bxd5 14.Be2 Qa5+ 15.Qxa5 Nxa5 16.b3 Nc6
17.O-O a5 18.Ne5 Rfd8 19.Nxc6 Bxc6 20.a4 Rac8 21.f3 Bd5 22.Rd3 Rc2 23.Bd1 Rc6 24.Rf2
Rdc8 25.Bd2 b6 26.Re2 e6 27.Re1 Rd8 28.Be3 h6 29.Re2 Rdc8 30.Bd2 g5 31.Kf2 f5 32.g3
Kf7 33.Re1 Bf6 34.h3 Rd8 35.Be3 Rdc8 36.Bd2 R6c7 37.Re2 Ke8 38.Re1 Kd7 39.Be2 Rc2
40.Ke3 Rb2 41.Bd1 Be7 42.Re2 Bd6 43.Kf2 Bb7 44.Rc3 Rxd2 1-0